Principles and applications of electrochemistry. (Record no. 2404)
[ view plain ]
| 000 -LEADER | |
|---|---|
| fixed length control field | 00733nam a22002412 4500 |
| 001 - CONTROL NUMBER | |
| control field | 0000004039 |
| 005 - DATE AND TIME OF LATEST TRANSACTION | |
| control field | 20151217145751.0 |
| 008 - FIXED-LENGTH DATA ELEMENTS--GENERAL INFORMATION | |
| fixed length control field | 070518s xx 000 0 eng d |
| 020 ## - INTERNATIONAL STANDARD BOOK NUMBER | |
| International Standard Book Number | 0748743782 : |
| 040 ## - CATALOGING SOURCE | |
| Original cataloging agency | KABU |
| Transcribing agency | KABU |
| 050 #0 - LIBRARY OF CONGRESS CALL NUMBER | |
| Classification number | QD553 |
| Item number | .C76 1994 |
| 100 1# - MAIN ENTRY--PERSONAL NAME | |
| Personal name | Crow, D. R. |
| -- | 0000154381 |
| 245 10 - TITLE STATEMENT | |
| Title | Principles and applications of electrochemistry. |
| 250 ## - EDITION STATEMENT | |
| Edition statement | 4th ed. |
| 260 ## - PUBLICATION, DISTRIBUTION, ETC. (IMPRINT) | |
| Place of publication, distribution, etc. | Cheltenham : |
| Name of publisher, distributor, etc. | Stanley Thornes, |
| Date of publication, distribution, etc. | 1994. |
| 300 ## - PHYSICAL DESCRIPTION | |
| Extent | xi, 282 p. |
| 650 #0 - SUBJECT ADDED ENTRY--TOPICAL TERM | |
| Topical term or geographic name as entry element | Electrochemistry. |
| -- | 0000154379 |
| 908 ## - PUT COMMAND PARAMETER (RLIN) | |
| Put command parameter | 070518 |
| 950 ## - LOCAL HOLDINGS (RLIN) | |
| -- | 1 |
| Withdrawn status | Lost status | Source of classification or shelving scheme | Not for loan | Home library | Current library | Date acquired | Total Checkouts | Full call number | Barcode | Date last seen | Price effective from | Koha item type | Date last checked out |
|---|---|---|---|---|---|---|---|---|---|---|---|---|---|
| Library of Congress Classification | Kabarak, Main Campus | Kabarak, Main Campus | 17/12/2015 | QD553 .C76 1994 | 006311 | 17/12/2015 | 17/12/2015 | General Collection | |||||
| Library of Congress Classification | Kabarak, Main Campus | Kabarak, Main Campus | 17/12/2015 | 1 | QD553 .C76 1994 | 006312 | 06/05/2021 | 17/12/2015 | General Collection | 31/03/2021 | |||
| Library of Congress Classification | Kabarak, Main Campus | Kabarak, Main Campus | 17/12/2015 | 1 | QD553 .C76 1994 | 006313 | 29/06/2019 | 17/12/2015 | General Collection | 22/06/2019 |